Statistics for Smallest Countries Top 50

Click here to take the quiz!

General Stats

  • This quiz has been taken 38 times
  • The average score is 26 of 50

Answer Stats

RankAnswer% Correct
1Vatican City
95%
10Malta
86%
2Monaco
86%
5San Marino
86%
17Andorra
81%
16Palau
81%
32Brunei
76%
3Nauru
76%
24Kiribati
71%
28Luxembourg
71%
18Saint Lucia
71%
12Saint Vincent And The Grenadines
71%
21Tonga
71%
23Bahrain
67%
30Cape Verde
67%
44Fiji
67%
7Marshall Islands
67%
26Comoros
62%
33Cyprus
62%
49Djibouti
62%
9Maldives
62%
19Micronesia
62%
37Qatar
62%
15Seychelles
62%
20Singapore
62%
14Antigua And Barbuda
57%
13Barbados
57%
22Dominica
57%
42Eswatini
57%
11Grenada
57%
25Sao Tome and Principe
57%
49Bahamas
52%
43Kuwait
52%
31Trinidad and Tobago
52%
48Belize
43%
41East Timor
43%
46Israel
43%
36Gambia
38%
35Jamaica
33%
34Lebanon
29%
39Montenegro
24%
47El Salvador
19%
50Macedonia
19%
45Slovenia
14%
6Liechenstein
5%
29Somoa
5%
27Mauritus
0%
8Saint Kitts and Nevis
0%
4Tuvalu
0%
38Vanuatu
0%

Score Distribution

Percentile by Number Answered

Percent of People with Each Score

Your Score History

You have not taken this quiz